| 000 | 00776cam a2200217 4500 | ||
|---|---|---|---|
| 001 | WB3645-12 | ||
| 008 | 000000n2000 000 0 eng u | ||
| 035 | _a(Sirsi) u109370 | ||
| 245 | _aPledge for needs of the regions | ||
| 260 | _c2000 | ||
| 490 |
_aDTI News Release _v(P/2000/761) 15 November 2000 (2) |
||
| 520 | _aGovernment outlines plans, in the first of three keynote speeches, for all areas to share in the country's economic growth and wealth by a radical overhaul of regional policy. Acknowledges that there needs to be economic renewal for some regions. | ||
| 590 | _aWB | ||
| 650 | _aDTI | ||
| 650 | _aURBAN RENEWAL | ||
| 650 | _aREGIONAL POLICY | ||
| 650 | _aECONOMIC GROWTH | ||
| 650 | _aUNITED KINGDOM | ||
| 690 | _aECONOMIC ISSUES | ||
| 942 | _n0 | ||
| 999 |
_c65288 _d65288 |
||